[Event "XI Weekend D"]
[Site "Gorgonzola ITA"]
[Date "2006.11.11"]
[Round "1"]
[White "Piana, Bruno"]
[Black "Manfredotti, Pierluigi"]
[Result "1-0"]
[WhiteElo "1449"]
[BlackElo "1410"]
[PlyCount "48"]
[EventDate "2006.11.11"]

1. e4 e5 2. Nf3 Nc6 3. Bb5 Nf6 4. O-O Bc5 5. Bxc6 bxc6 6. d4 exd4 7. Nxd4 O-O
8. Nc3 Re8 9. Bg5 h6 10. Bh4 Be7 11. Nf5 d6 12. Nxe7+ Qxe7 13. Re1 Qe5 14. Qd3
Bd7 15. Bg3 Qe6 16. f4 Nh5 17. f5 Qf6 18. Bf2 Qg5 19. Qf3 Nf6 20. Qd3 Ng4 21.
Bg3 Ne5 22. Qe2 Qf6 23. Rad1 Rab8 24. Rb1 Rb5 1-0

[Event "XI Weekend D"]
[Site "Gorgonzola ITA"]
[Date "2006.11.11"]
[Round "1"]
[White "Radaelli, Pietro"]
[Black "Galli, Fabrizio"]
[Result "1/2-1/2"]
[WhiteElo "1431"]
[BlackElo "1472"]
[PlyCount "103"]
[EventDate "2006.11.11"]

1. e4 d6 2. d4 Nf6 3. Nc3 g6 4. g3 Bg7 5. Bg2 O-O 6. Nge2 Bg4 7. O-O Qd7 8. Be3
Nc6 9. Qd2 Na5 10. b3 c6 11. f4 Bh3 12. Nd1 b6 13. Nf2 Bxg2 14. Kxg2 e6 15. c4
Rfd8 16. Rfd1 d5 17. cxd5 cxd5 18. e5 Ne8 19. Rac1 f6 20. Ng4 f5 21. Nf2 h5 22.
h4 Nc7 23. Nc3 Rac8 24. Rc2 Na6 25. Nd3 Rc7 26. Rdc1 Rdc8 27. Qe2 Bf8 28. Nb1
Be7 29. Rxc7 Rxc7 30. Rxc7 Qxc7 31. Qd2 Kg7 32. Kf2 Qc8 33. Qc1 Qxc1 34. Bxc1
Nc6 35. Ke3 Nab4 36. Nxb4 Nxb4 37. Nc3 Kf7 38. Kd2 Nc6 39. Nb5 Kf8 40. Bb2 a6
41. Nc7 a5 42. Nxe6+ Kf7 43. Ng5+ Kg7 44. a3 Bd8 45. Ne6+ Kf7 46. Nxd8+ Nxd8
47. Bc3 Nc6 48. Kd3 b5 49. Kc2 Ke6 50. Kb2 Kd7 51. Kc2 Ke6 52. Kd3 1/2-1/2

[Event "XI Weekend D"]
[Site "Gorgonzola ITA"]
[Date "2006.11.12"]
[Round "2"]
[White "Bertoletti, Vincenzo"]
[Black "Radaelli, Pietro"]
[Result "1/2-1/2"]
[WhiteElo "1463"]
[BlackElo "1431"]
[PlyCount "166"]
[EventDate "2006.11.11"]

1. d4 d5 2. Nf3 Bf5 3. Bf4 Nc6 4. e3 Nf6 5. Bd3 Be4 6. O-O e6 7. Nc3 Bxd3 8.
Qxd3 Bd6 9. Ne5 Nd7 10. Nxc6 bxc6 11. Bxd6 cxd6 12. e4 dxe4 13. Nxe4 Nf6 14.
Qa6 O-O 15. Qxc6 Nxe4 16. Qxe4 Qb6 17. Rfb1 f5 18. Qxe6+ Kh8 19. c3 Rae8 20.
Qd5 Re2 21. Qb3 Qc6 22. Re1 Qe4 23. Qd1 Rxe1+ 24. Qxe1 Qc2 25. Qc1 Qe2 26. Qd1
Qxb2 27. Qc1 Qe2 28. a4 a5 29. h3 Rc8 30. Rb1 Qc4 31. Qc2 g6 32. Rb5 Qxc3 33.
Qxc3 Rxc3 34. Rxa5 Rc4 35. d5 Kg7 36. Ra6 Kf7 37. a5 Rc5 38. Rxd6 Rxa5 39. Kf1
Ke7 40. Re6+ Kd7 41. Rf6 Ke7 42. Rb6 Rxd5 43. Ke2 g5 44. Rh6 f4 45. Rxh7+ Kf6
46. Kf3 Kg6 47. Rb7 Kf5 48. Rf7+ Kg6 49. Rf8 Kg7 50. Ra8 Rd2 51. Ra6 Rc2 52. g3
Rc3+ 53. Kg4 fxg3 54. fxg3 Rc5 55. Kh5 Rc3 56. Rg6+ Kh7 57. Rxg5 Rd3 58. Kh4
Kh6 59. Rb5 Rd4+ 60. g4 Rd6 61. Rf5 Kg6 62. Kg3 Rd3+ 63. Rf3 Rd4 64. h4 Rc4 65.
h5+ Kh6 66. Kh4 Rc1 67. Rf6+ Kg7 68. Kg5 Rg1 69. Rf4 Rh1 70. h6+ Rxh6 71. Rf7+
Kxf7 72. Kxh6 Kg8 73. Kg6 Kh8 74. Kf7 Kh7 75. g5 Kh8 76. Kf6 Kh7 77. g6+ Kh8
78. Kg5 Kg7 79. Kh5 Kg8 80. Kg5 Kg7 81. Kf5 Kg8 82. Kf6 Kf8 83. Kg5 Kg7 1/2-1/2

[Event "XI Weekend D"]
[Site "Gorgonzola ITA"]
[Date "2006.11.12"]
[Round "2"]
[White "Berton, Venanzio"]
[Black "Piana, Bruno"]
[Result "1-0"]
[WhiteElo "1365"]
[BlackElo "1449"]
[PlyCount "111"]
[EventDate "2006.11.11"]

1. d4 Nf6 2. Nf3 g6 3. Bg5 Bg7 4. e3 O-O 5. Bd3 d5 6. Nbd2 Nc6 7. c3 a5 8. h3
Re8 9. a4 e5 10. dxe5 Nxe5 11. Bc2 c5 12. O-O Nc6 13. Nb3 Qd6 14. Bxf6 Bxf6 15.
Qd2 Be6 16. Rad1 Ne5 17. Qe2 b6 18. Nbd2 Qe7 19. b3 Rad8 20. Nb1 h6 21. Rd2 c4
22. Nd4 cxb3 23. Bxb3 Nc4 24. Rd3 Ne5 25. Rd2 Nc4 26. Rc2 Bc8 27. Rfc1 Bb7 28.
Nd2 Nxd2 29. Rxd2 Qe5 30. Nf3 Qe7 31. Nh2 Be5 32. Ng4 Bg7 33. Qb5 h5 34. Nh2
Qd6 35. Nf3 Bf6 36. Nd4 Be5 37. Qe2 Bh2+ 38. Kh1 Be5 39. Rcd1 Qf6 40. Qb5 Bc7
41. Kg1 Qe5 42. Nc6 Qh2+ 43. Kf1 Ra8 44. Qxd5 Ba6+ 45. Bc4 Bxc4+ 46. Qxc4 Kf8
47. Rd7 Qh1+ 48. Ke2 Rxe3+ 49. Kd2 Rd3+ 50. Qxd3 Bf4+ 51. Kc2 Qxg2 52. Rd8+
Rxd8 53. Qxd8+ Kg7 54. Qd4+ f6 55. Qxf4 Qxc6 56. Rd6 1-0

[Event "XI Weekend D"]
[Site "Gorgonzola ITA"]
[Date "2006.11.12"]
[Round "2"]
[White "Cervini, Ernesto"]
[Black "Galli, Giuliano"]
[Result "0-1"]
[WhiteElo "1488"]
[BlackElo "1412"]
[PlyCount "84"]
[EventDate "2006.11.11"]

1. e4 e6 2. Qe2 c6 3. d4 d5 4. e5 Ne7 5. g3 Nd7 6. c3 Qb6 7. Nf3 Nf5 8. Bg2 c5
9. dxc5 Bxc5 10. O-O Qc7 11. Nbd2 Nb6 12. Nb3 Bd7 13. Nxc5 Qxc5 14. Bd2 Bb5 15.
Qd1 Bxf1 16. Bxf1 O-O 17. g4 Ne7 18. Nd4 a6 19. Be3 Qc7 20. f4 Ng6 21. Qf3 Qe7
22. Rd1 Rac8 23. Bd3 Nd7 24. Rd2 f6 25. Nxe6 Qxe6 26. f5 Ndxe5 27. Qg3 Qc6 28.
fxg6 hxg6 29. Be2 Rce8 30. Bd4 Re6 31. g5 Rfe8 32. gxf6 gxf6 33. Bh5 f5 34. Rd1
Kh7 35. Be2 Nf7 36. Bd3 Qd6 37. Qh4+ Kg8 38. Rf1 Qe7 39. Qh3 Qg5+ 40. Kh1 Re1
41. Qf3 Rxf1+ 42. Qxf1 Qd2 0-1

[Event "XI Weekend D"]
[Site "Gorgonzola ITA"]
[Date "2006.11.12"]
[Round "2"]
[White "De Francisci, Alfredo"]
[Black "Montagner, Enzo"]
[Result "0-1"]
[WhiteElo "1434"]
[BlackElo "1459"]
[PlyCount "86"]
[EventDate "2006.11.11"]

1. e4 c5 2. Nf3 Nc6 3. d4 cxd4 4. Nxd4 e6 5. Bc4 Nf6 6. Nc3 Bb4 7. Bg5 h6 8.
Bh4 a6 9. O-O Be7 10. f4 Bc5 11. Bf2 Qb6 12. Nxc6 Bxf2+ 13. Rxf2 Qxc6 14. Bd3
O-O 15. e5 Nd5 16. Nxd5 Qxd5 17. Qg4 f5 18. Qg6 Qc5 19. h3 Qe7 20. g4 Qf7 21.
gxf5 exf5 22. Bxf5 Qxf5 23. Qxf5 Rxf5 24. Rd1 b5 25. c3 Ra7 26. e6 Rf8 27. e7
Re8 28. Re2 d6 29. Rxd6 Rd7 30. Rd4 Rxd4 31. cxd4 Bxh3 32. d5 Kf7 33. d6 Bd7
34. b4 Rc8 35. e8=Q+ Rxe8 36. Rxe8 Bxe8 37. Kg2 Ke6 38. Kf3 Kxd6 39. Kg4 Bd7+
40. Kh4 Ke6 41. Kg4 Kf6+ 42. Kf3 h5 43. Kg3 Kf5 0-1

[Event "XI Weekend D"]
[Site "Gorgonzola ITA"]
[Date "2006.11.12"]
[Round "2"]
[White "Galli, Fabrizio"]
[Black "Brocca, Lorenzo"]
[Result "1-0"]
[WhiteElo "1472"]
[BlackElo "1415"]
[PlyCount "31"]
[EventDate "2006.11.11"]

1. d4 d5 2. Nf3 e6 3. e3 Nf6 4. Bd3 Nbd7 5. Nbd2 Bd6 6. O-O O-O 7. Qe2 c5 8. c3
c4 9. Bc2 Qc7 10. e4 dxe4 11. Nxe4 Nxe4 12. Qxe4 Nf6 13. Qh4 h6 14. Bxh6 gxh6
15. Qxf6 Bf4 16. g3 1-0

[Event "XI Weekend D"]
[Site "Gorgonzola ITA"]
[Date "2006.11.12"]
[Round "2"]
[White "Manfredotti, Pierluigi"]
[Black "Merlini, Luigi"]
[Result "0-1"]
[WhiteElo "1410"]
[BlackElo "1489"]
[PlyCount "52"]
[EventDate "2006.11.11"]

1. d4 d5 2. Nc3 Nf6 3. Nf3 e6 4. e3 Be7 5. Bd3 O-O 6. O-O Nc6 7. Bd2 Bd7 8. a3
Ne8 9. Ne2 Bd6 10. e4 dxe4 11. Bxe4 f5 12. Bd3 h6 13. Bf4 Nxd4 14. Nfxd4 e5 15.
Bc4+ Kh8 16. Bxe5 Bxe5 17. f4 Bxd4+ 18. Nxd4 Qf6 19. c3 Rd8 20. Qc2 Nd6 21. Bd5
c6 22. Bb3 Ne4 23. Nf3 c5 24. Ne5 Be6 25. Rad1 Bxb3 26. Rxd8 Bxc2 0-1

[Event "XI Weekend D"]
[Site "Gorgonzola ITA"]
[Date "2006.11.12"]
[Round "2"]
[White "Mazzarelli, Sergio"]
[Black "Borzani, Luca"]
[Result "0-1"]
[WhiteElo "1452"]
[BlackElo "1437"]
[PlyCount "74"]
[EventDate "2006.11.11"]

1. d4 Nf6 2. c4 g6 3. Nc3 d5 4. Bg5 Ne4 5. Nxe4 dxe4 6. e3 Bg7 7. Qc2 c6 8.
Qxe4 Qa5+ 9. b4 Qxg5 10. Nf3 Qf5 11. Bd3 Qxe4 12. Bxe4 a5 13. b5 f5 14. Bd3 c5
15. O-O cxd4 16. exd4 O-O 17. Rfe1 Re8 18. Re2 Nd7 19. Rae1 Kf8 20. d5 Nc5 21.
Bc2 b6 22. Ng5 h6 23. Nf3 Bd7 24. g4 e6 25. d6 Bc3 26. Rd1 Rad8 27. Re3 Bg7 28.
h3 Bf6 29. Kg2 Kf7 30. Kg3 h5 31. Rh1 hxg4 32. hxg4 Bc8 33. Ree1 Rxd6 34. Rh7+
Kg8 35. Rh6 Kf7 36. Rh7+ Bg7 37. Ne5+ Kg8 0-1

[Event "XI Weekend D"]
[Site "Gorgonzola ITA"]
[Date "2006.11.12"]
[Round "2"]
[White "Spano', Pietro"]
[Black "Da Campo, Giuseppe"]
[Result "0-1"]
[WhiteElo "1413"]
[BlackElo "1487"]
[PlyCount "78"]
[EventDate "2006.11.11"]

1. d4 Nf6 2. c4 c5 3. d5 b5 4. cxb5 a6 5. Nc3 g6 6. e4 d6 7. bxa6 Bxa6 8. Bxa6
Rxa6 9. Nge2 Nbd7 10. Nb5 Nxe4 11. Qd3 Qa5+ 12. Nec3 Nxc3 13. Nc7+ Qxc7 14.
Qxa6 Nxd5 15. Qa8+ Qb8 16. Qxd5 Bg7 17. Qb3 Qa8 18. O-O O-O 19. Qb5 Ne5 20. a3
Rb8 21. Qe2 c4 22. f4 Nd3 23. Qxe7 Bxb2 24. Bxb2 Rxb2 25. Rf3 Nxf4 26. Raf1 Re2
27. Qf6 Rxg2+ 28. Kh1 Rg4 29. h3 Rg3 30. Qxf4 Rxh3+ 31. Kg2 Rxf3 32. Rxf3 Qd5
33. Kg3 f5 34. Re3 Qd1 35. Qxc4+ Kg7 36. Rd3 Qe1+ 37. Kf3 Qf1+ 38. Ke3 Qe1+ 39.
Kd4 Qe5# 0-1

[Event "XI Weekend D"]
[Site "Gorgonzola ITA"]
[Date "2006.11.12"]
[Round "3"]
[White "Borzani, Luca"]
[Black "Bertoletti, Vincenzo"]
[Result "0-1"]
[WhiteElo "1437"]
[BlackElo "1463"]
[PlyCount "38"]
[EventDate "2006.11.11"]

1. c4 e5 2. Nc3 Nf6 3. Nf3 Nc6 4. e3 Be7 5. Be2 O-O 6. O-O d5 7. cxd5 Nxd5 8.
Bb5 Nxc3 9. dxc3 e4 10. Bxc6 bxc6 11. Ne5 Bb7 12. Qb3 Rb8 13. Rd1 Bd6 14. Qa4
Qh4 15. g3 Qh5 16. Nd7 Qf3 17. Nxb8 Rxb8 18. Bd2 Bc8 19. Qxc6 Bh3 0-1

[Event "XI Weekend D"]
[Site "Gorgonzola ITA"]
[Date "2006.11.12"]
[Round "3"]
[White "Brocca, Lorenzo"]
[Black "Mazzarelli, Sergio"]
[Result "1/2-1/2"]
[WhiteElo "1415"]
[BlackElo "1452"]
[PlyCount "26"]
[EventDate "2006.11.11"]

1. e4 c6 2. d4 d5 3. Nd2 dxe4 4. Nxe4 Bf5 5. Bd3 Nd7 6. Nf3 e6 7. O-O Bxe4 8.
Bxe4 Ngf6 9. Bd3 Qc7 10. c4 c5 11. h3 Be7 12. b3 a6 13. Bb2 b5 1/2-1/2

[Event "XI Weekend D"]
[Site "Gorgonzola ITA"]
[Date "2006.11.12"]
[Round "3"]
[White "Da Campo, Giuseppe"]
[Black "Montagner, Enzo"]
[Result "1-0"]
[WhiteElo "1487"]
[BlackElo "1459"]
[PlyCount "97"]
[EventDate "2006.11.11"]

1. d4 d5 2. c4 e6 3. Nc3 Nf6 4. cxd5 exd5 5. Bg5 Be7 6. Qc2 h6 7. Bh4 O-O 8. e3
a6 9. Bd3 Re8 10. Nge2 c6 11. O-O b5 12. a3 Ra7 13. f3 c5 14. Bxf6 Bxf6 15.
dxc5 Rxe3 16. Rad1 Rae7 17. Nxd5 Kf8 18. Nxe3 Rxe3 19. Bxb5 Qe7 20. Bd3 Bf5 21.
Nf4 Bd4 22. Kh1 Bd7 23. Nd5 Qxc5 24. Qxc5+ Bxc5 25. Nxe3 Bxe3 26. Bxa6 Nxa6 27.
Rxd7 Ke8 28. Rd6 Nc5 29. Re1 Ke7 30. Rc6 Kd7 31. Rxe3 Kxc6 32. Rc3 Kb5 33.
Rxc5+ Kxc5 34. b4+ Kb5 35. Kg1 f5 36. Kf2 g5 37. Ke3 Kc4 38. g4 f4+ 39. Ke4 Kb5
40. Kf5 Kc4 41. Kg6 Kd3 42. b5 Ke3 43. b6 Kxf3 44. Kh5 Ke3 45. b7 f3 46. b8=Q
f2 47. Qg3+ Ke2 48. Qxf2+ Kxf2 49. a4 1-0

[Event "XI Weekend D"]
[Site "Gorgonzola ITA"]
[Date "2006.11.12"]
[Round "3"]
[White "De Francisci, Alfredo"]
[Black "Spano', Pietro"]
[Result "1-0"]
[WhiteElo "1434"]
[BlackElo "1413"]
[PlyCount "53"]
[EventDate "2006.11.11"]

1. e4 c5 2. Nf3 d6 3. d4 cxd4 4. Nxd4 a6 5. Nc3 e5 6. Nf3 Nf6 7. Bc4 h6 8. O-O
Qc7 9. Bb3 b5 10. Re1 Nbd7 11. Nd5 Qa7 12. h3 Bb7 13. Nc7+ Ke7 14. Nxa8 Nxe4
15. Be3 Qxa8 16. a3 f5 17. Nh4 Kd8 18. Nxf5 g6 19. Nh4 g5 20. Ng6 Rh7 21. Nxf8
Nxf8 22. f3 g4 23. fxe4 gxh3 24. Qxd6+ Nd7 25. Rf1 Ke8 26. Qe6+ Re7 27. Qg8+
1-0

[Event "XI Weekend D"]
[Site "Gorgonzola ITA"]
[Date "2006.11.12"]
[Round "3"]
[White "Merlini, Luigi"]
[Black "Lamera, Giuseppe"]
[Result "1-0"]
[WhiteElo "1489"]
[BlackElo "1383"]
[PlyCount "103"]
[EventDate "2006.11.11"]

1. e4 d6 2. d4 c6 3. c4 Nf6 4. Nc3 Qa5 5. Bd2 Qb6 6. Bc1 g6 7. Nf3 Bg7 8. Be2
O-O 9. O-O Nbd7 10. b3 Rd8 11. Be3 Ng4 12. Bc1 e5 13. Na4 Qc7 14. Bg5 Bf6 15.
Bxf6 Ngxf6 16. Qc2 b6 17. Rad1 Nh5 18. g3 a6 19. Ng5 Ndf6 20. c5 b5 21. cxd6
Rxd6 22. Nc5 Rxd4 23. Rxd4 exd4 24. Qb2 Qe5 25. Qc1 Nd7 26. Nd3 Qf6 27. Bxh5
gxh5 28. f4 Bb7 29. Qd1 c5 30. Qxh5 Qg6 31. Qf3 Re8 32. Re1 h6 33. Nh3 f5 34.
Qg2 Bxe4 35. Qe2 a5 36. Nhf2 c4 37. bxc4 bxc4 38. Nb2 d3 39. Qe3 Nb6 40. Qd4
Nd5 41. Nxe4 fxe4 42. Qxd5+ Kh7 43. Nxc4 a4 44. Rb1 e3 45. Rb7+ Kh8 46. Qd4+
Kg8 47. Nxe3 Rc8 48. Kf2 Rf8 49. Nd5 Re8 50. Ne7+ Rxe7 51. Rxe7 Qg4 52. Qd8#
1-0

[Event "XI Weekend D"]
[Site "Gorgonzola ITA"]
[Date "2006.11.12"]
[Round "3"]
[White "Paravella, Alberto"]
[Black "Berton, Venanzio"]
[Result "1-0"]
[WhiteElo "1470"]
[BlackElo "1365"]
[PlyCount "85"]
[EventDate "2006.11.11"]

1. e4 c6 2. d4 d5 3. exd5 cxd5 4. Nf3 Bg4 5. Bd3 e6 6. O-O Nf6 7. Bg5 Be7 8.
Nbd2 Nbd7 9. c3 O-O 10. Qc2 Bh5 11. Ne5 Bg6 12. Bxg6 fxg6 13. Ndf3 Ne4 14. Nxd7
Qxd7 15. Ne5 Qd8 16. Bxe7 Qxe7 17. Rae1 Rf5 18. f3 Ng5 19. Qa4 Qd6 20. Qd7 Qxd7
21. Nxd7 Rd8 22. Nc5 Rd6 23. Nxb7 Rb6 24. Nc5 Rxb2 25. Nxe6 h5 26. Nxg5 Rxg5
27. Rf2 Rb8 28. Re7 a5 29. h3 Rc8 30. Rc2 Rf8 31. Kf2 h4 32. Ra7 Rg3 33. Rxa5
Rf5 34. Rb5 Rfg5 35. Kf1 Rf5 36. a4 g5 37. Kf2 g4 38. hxg4 Rxg4 39. a5 Rgf4 40.
a6 h3 41. gxh3 Rxf3+ 42. Kg2 Rf7 43. a7 1-0

[Event "XI Weekend D"]
[Site "Gorgonzola ITA"]
[Date "2006.11.12"]
[Round "3"]
[White "Radaelli, Pietro"]
[Black "Cervini, Ernesto"]
[Result "1-0"]
[WhiteElo "1431"]
[BlackElo "1488"]
[PlyCount "123"]
[EventDate "2006.11.11"]

1. c4 e5 2. Nc3 Nf6 3. g3 c6 4. e4 d6 5. d3 h6 6. Bg2 Be7 7. Nge2 O-O 8. O-O
Bg4 9. h3 Be6 10. Kh2 c5 11. Be3 Qd7 12. Qd2 Kh7 13. f4 exf4 14. Nxf4 Nc6 15.
Rf2 Ne5 16. Nxe6 Qxe6 17. Raf1 h5 18. Nd5 Qd7 19. Nxe7 Qxe7 20. Bg5 Neg4+ 21.
hxg4 Nxg4+ 22. Kg1 f6 23. Be3 Nxf2 24. Rxf2 g5 25. Rf5 Kh6 26. Qe2 Kg6 27. Bf1
Rh8 28. Qh2 h4 29. g4 a6 30. a4 a5 31. b3 b6 32. Rd5 Rad8 33. Bh3 Rhf8 34. Qf2
Qd7 35. Qf5+ Qxf5 36. Rxf5 Rde8 37. Rd5 Rd8 38. Kh2 Rfe8 39. Bg2 Re5 40. Kh3
Rxd5 41. exd5 Re8 42. Be4+ Kg7 43. Bg1 Kf7 44. Bh2 Ke7 45. Bg6 Rd8 46. Bf5 Rb8
47. Be6 Rf8 48. Bg1 Rb8 49. Kg2 Rh8 50. Kf3 Rb8 51. Ke3 Rf8 52. Bf5 Rb8 53. Kd2
Rh8 54. Bh2 Rb8 55. Kc3 Rd8 56. d4 Rb8 57. dxc5 bxc5 58. Bc2 Rb6 59. Kd3 Rb8
60. Ke3 Kf7 61. Bxd6 Re8+ 62. Kf2 1-0

[Event "XI Weekend D"]
[Site "Gorgonzola ITA"]
[Date "2006.11.12"]
[Round "3"]
[White "Renzi, Fabrizio"]
[Black "Galli, Fabrizio"]
[Result "1/2-1/2"]
[WhiteElo "1383"]
[BlackElo "1472"]
[PlyCount "41"]
[EventDate "2006.11.11"]

1. c4 Nf6 2. d4 e6 3. Nc3 d5 4. e3 Bb4 5. a3 Bd6 6. cxd5 exd5 7. Bd3 O-O 8. Nf3
Bg4 9. h3 Be6 10. O-O Nbd7 11. e4 dxe4 12. Nxe4 Nxe4 13. Bxe4 c6 14. Ng5 Nf6
15. Nxe6 fxe6 16. Bg5 Qc7 17. Qd3 Nxe4 18. Qxe4 Qf7 19. Rae1 Rae8 20. Bd2 e5
21. Be3 1/2-1/2

[Event "XI Weekend D"]
[Site "Gorgonzola ITA"]
[Date "2006.11.18"]
[Round "4"]
[White "Fornari, Sergio"]
[Black "Bertoletti, Vincenzo"]
[Result "0-1"]
[WhiteElo "1397"]
[BlackElo "1463"]
[PlyCount "94"]
[EventDate "2006.11.11"]

1. d4 d5 2. Nf3 Nf6 3. e3 e6 4. Bd3 Bd6 5. Nbd2 O-O 6. O-O Nbd7 7. Re1 e5 8. e4
Re8 9. c3 c6 10. Qc2 Qc7 11. Nf1 h6 12. Ng3 Nf8 13. Nh4 exd4 14. cxd4 Bxg3 15.
fxg3 Qb6 16. Nf3 Bg4 17. h3 Bh5 18. g4 Bg6 19. e5 N6d7 20. g5 h5 21. b3 Nxe5
22. Nxe5 Qxd4+ 23. Be3 Qxe5 24. Bd2 Qd4+ 25. Kh1 Qxd3 26. Qxd3 Rxe1+ 27. Rxe1
Bxd3 28. Re7 b6 29. b4 Ng6 30. Rc7 Bb5 31. g3 Ne5 32. Kg2 a5 33. a3 axb4 34.
Bxb4 Re8 35. Rb7 Nc4 36. Kf2 Re3 37. Ra7 Rb3 38. Ra8+ Kh7 39. Be7 c5 40. a4 Bc6
41. Ra7 Ra3 42. g6+ Kxg6 43. Rc7 Bxa4 44. h4 d4 45. Ke2 Rxg3 46. Ra7 Bb5 47.
Ra1 Re3+ 0-1

[Event "XI Weekend D"]
[Site "Gorgonzola ITA"]
[Date "2006.11.18"]
[Round "4"]
[White "Galli, Giuliano"]
[Black "Merlini, Luigi"]
[Result "1/2-1/2"]
[WhiteElo "1412"]
[BlackElo "1489"]
[PlyCount "51"]
[EventDate "2006.11.11"]

1. e4 e5 2. Nf3 Nc6 3. Bc4 Be7 4. d3 Nf6 5. c3 O-O 6. O-O d6 7. b4 h6 8. Be3
Be6 9. Bxe6 fxe6 10. Qe2 a6 11. a4 d5 12. exd5 exd5 13. Bd2 e4 14. dxe4 Nxe4
15. Na3 Bf6 16. Rac1 Qe7 17. Nb1 Na7 18. Rfe1 Rae8 19. Be3 Nc8 20. Qd3 Qf7 21.
Bc5 Nxc5 22. bxc5 c6 23. Rxe8 Rxe8 24. Re1 Rxe1+ 25. Nxe1 Qe7 26. Qe3 1/2-1/2

[Event "XI Weekend D"]
[Site "Gorgonzola ITA"]
[Date "2006.11.18"]
[Round "4"]
[White "Manfredotti, Pierluigi"]
[Black "Borzani, Luca"]
[Result "0-1"]
[WhiteElo "1410"]
[BlackElo "1437"]
[PlyCount "90"]
[EventDate "2006.11.11"]

1. d4 Nf6 2. c4 g6 3. Nc3 d5 4. Nf3 Bg7 5. Bf4 a6 6. a4 Bg4 7. Ne5 Nbd7 8. h3
Be6 9. cxd5 Nxd5 10. Nxd5 Bxd5 11. e3 c6 12. Nf3 Bxf3 13. Qxf3 Qa5+ 14. Kd1 Qb4
15. Qe2 c5 16. Qd2 Qxd2+ 17. Kxd2 cxd4 18. Rb1 dxe3+ 19. Bxe3 O-O 20. b3 Rfd8
21. Bc4 Ne5+ 22. Ke2 Nxc4 23. bxc4 Rac8 24. c5 Bd4 25. Bxd4 Rxd4 26. Rxb7 Rxa4
27. Rxe7 Rxc5 28. Re1 Ra2+ 29. Kf1 Rcc2 30. R7e2 Rxe2 31. Rxe2 Rxe2 32. Kxe2
Kf8 33. Kd3 Ke7 34. Kc4 Kd6 35. Kb4 Kc6 36. f3 Kd5 37. Ka5 Kd4 38. Kxa6 Ke3 39.
Kb6 Kf2 40. g4 f5 41. gxf5 gxf5 42. f4 Kf3 43. Kc6 Kxf4 44. Kd6 Kg3 45. Ke5 f4
0-1

[Event "XI Weekend D"]
[Site "Gorgonzola ITA"]
[Date "2006.11.18"]
[Round "4"]
[White "Montagner, Enzo"]
[Black "Radaelli, Pietro"]
[Result "0-1"]
[WhiteElo "1459"]
[BlackElo "1431"]
[PlyCount "110"]
[EventDate "2006.11.11"]

1. d4 d5 2. c4 c6 3. Nc3 Nf6 4. Bg5 e6 5. e3 Bd6 6. c5 Be7 7. Bd3 Nbd7 8. Nge2
O-O 9. Qc2 e5 10. f3 exd4 11. exd4 h6 12. Bh4 Re8 13. O-O Qc7 14. Bg3 Qd8 15.
b4 a6 16. a4 Nf8 17. a5 Nh5 18. Na4 Nxg3 19. Nxg3 Bf6 20. Ne2 Be6 21. Kh1 Nd7
22. Nac3 Qc7 23. g3 Bh3 24. Rf2 Be6 25. Bf5 Re7 26. Bxe6 Rxe6 27. Qd2 Rae8 28.
Nf4 R6e7 29. Re2 Bg5 30. Rxe7 Rxe7 31. Nce2 g6 32. Rg1 Bf6 33. h4 h5 34. Kh2
Nf8 35. Rg2 Ne6 36. Rf2 Ng7 37. Ng2 Nf5 38. f4 Re4 39. Rf1 Nxd4 40. Nxd4 Rxd4
41. Qc3 Qe7 42. Qf3 Rxb4 43. f5 Kg7 44. fxg6 fxg6 45. Re1 Re4 46. Rf1 Re6 47.
Nf4 Re3 48. Qf2 Bd4 49. Qc2 Re4 50. Qd1 Bxc5 51. Rf3 Bd6 52. Rf2 Bxf4 53. Rxf4
Rxf4 54. gxf4 Qxh4+ 55. Kg2 Qg4+ 0-1

[Event "XI Weekend D"]
[Site "Gorgonzola ITA"]
[Date "2006.11.18"]
[Round "4"]
[White "Piana, Bruno"]
[Black "De Francisci, Alfredo"]
[Result "1-0"]
[WhiteElo "1449"]
[BlackElo "1434"]
[PlyCount "45"]
[EventDate "2006.11.11"]

1. e4 e5 2. Nf3 Nc6 3. Bb5 a6 4. Ba4 Nf6 5. O-O Nxe4 6. d4 b5 7. Bb3 d5 8. dxe5
Be6 9. c3 Bc5 10. Nd4 Nxe5 11. Qh5 Qf6 12. Nd2 Nxd2 13. Bxd2 Rd8 14. Rfe1 Nd3
15. Rxe6+ Be7 16. Rxf6 Bxf6 17. Ne6 Rd7 18. Nxc7+ Rxc7 19. Qe2+ Ne5 20. f4 Re7
21. fxe5 O-O 22. Qg4 h6 23. exf6 1-0

[Event "XI Weekend D"]
[Site "Gorgonzola ITA"]
[Date "2006.11.18"]
[Round "4"]
[White "Renzi, Fabrizio"]
[Black "Da Campo, Giuseppe"]
[Result "1/2-1/2"]
[WhiteElo "1383"]
[BlackElo "1487"]
[PlyCount "92"]
[EventDate "2006.11.11"]

1. c4 Nf6 2. d4 c5 3. d5 b5 4. b3 bxc4 5. bxc4 g6 6. Nc3 Bg7 7. Rb1 O-O 8. Nf3
d6 9. e3 Bf5 10. Bd3 Bxd3 11. Qxd3 Nbd7 12. O-O Ng4 13. Bb2 Rb8 14. Nb5 Bxb2
15. Rxb2 a6 16. a4 axb5 17. axb5 Nge5 18. Qe2 Nxf3+ 19. Qxf3 Qa5 20. Qe2 Ra8
21. h3 Qb6 22. Rbb1 Ra4 23. f4 Rb4 24. Rbe1 f5 25. g4 Qa7 26. g5 Ra8 27. e4
fxe4 28. Qxe4 Nf8 29. f5 Qa3 30. Kg2 Rb2+ 31. Re2 Rxe2+ 32. Qxe2 Qa2 33. Rf2
Qxe2 34. Rxe2 Nd7 35. fxg6 hxg6 36. Rb2 Nb6 37. Rc2 Ra4 38. h4 Rxc4 39. Rxc4
Nxc4 40. Kf3 Nb6 41. Kg4 c4 42. h5 gxh5+ 43. Kxh5 c3 44. Kg6 c2 45. Kf5 c1=Q
46. Ke6 Qxg5 1/2-1/2

[Event "XI Weekend D"]
[Site "Gorgonzola ITA"]
[Date "2006.11.18"]
[Round "4"]
[White "Tedoldi, Guido"]
[Black "Mazzarelli, Sergio"]
[Result "1/2-1/2"]
[WhiteElo "1431"]
[BlackElo "1452"]
[PlyCount "83"]
[EventDate "2006.11.11"]

1. c4 c6 2. Nc3 d5 3. cxd5 cxd5 4. e3 Nf6 5. d4 a6 6. Nf3 e6 7. Bd3 Bb4 8. O-O
O-O 9. Bd2 Nbd7 10. Qc2 Be7 11. Rae1 b5 12. a3 Bb7 13. e4 dxe4 14. Nxe4 Rc8 15.
Bc3 Nd5 16. Qd2 N7f6 17. Nxf6+ Nxf6 18. Ne5 Nd5 19. Qc2 g6 20. Be4 Ba8 21. f4
b4 22. axb4 Bxb4 23. Rf3 a5 24. Rd1 f5 25. Bxd5 Bxd5 26. Rg3 Be4 27. Qe2 Bxc3
28. Rxc3 Qe7 29. Rdc1 Rxc3 30. Rxc3 Qd6 31. Qd2 Ra8 32. h4 Kg7 33. Kf2 Rd8 34.
Rc4 Bd5 35. Ra4 Be4 36. Rxa5 Qxd4+ 37. Qxd4 Rxd4 38. Nf3 Bxf3 39. Kxf3 Rb4 40.
Ra2 Kf6 41. g3 h6 42. Ke3 1/2-1/2

[Event "XI Weekend D"]
[Site "Gorgonzola ITA"]
[Date "2006.11.19"]
[Round "5"]
[White "Bertoletti, Vincenzo"]
[Black "Renzi, Fabrizio"]
[Result "1-0"]
[WhiteElo "1463"]
[BlackElo "1383"]
[PlyCount "49"]
[EventDate "2006.11.11"]

1. d4 Nf6 2. Nf3 d5 3. Bf4 e6 4. e3 Bd6 5. Ne5 c5 6. Bb5+ Ke7 7. O-O c4 8. c3
a6 9. Ba4 b5 10. Bc2 Bb7 11. Qf3 Nfd7 12. Nxf7 Kxf7 13. Bxd6+ Qf6 14. Nd2 Qxf3
15. Nxf3 h6 16. Nh4 g5 17. Ng6 Rg8 18. Ne5+ Nxe5 19. dxe5 Nc6 20. f4 Kg7 21.
fxg5 hxg5 22. Rf6 Nd8 23. Rg6+ Kh8 24. Rh6+ Kg7 25. Rh7# 1-0

[Event "XI Weekend D"]
[Site "Gorgonzola ITA"]
[Date "2006.11.19"]
[Round "5"]
[White "Borzani, Luca"]
[Black "Montagner, Enzo"]
[Result "0-1"]
[WhiteElo "1437"]
[BlackElo "1459"]
[PlyCount "44"]
[EventDate "2006.11.11"]

1. c4 e5 2. Nc3 Nf6 3. Nf3 Nc6 4. e3 Be7 5. Be2 O-O 6. O-O a6 7. d4 exd4 8.
Nxd4 Na7 9. Nd5 c5 10. Nxe7+ Qxe7 11. Nf5 Qe6 12. Bg4 Qxc4 13. Ne7+ Kh8 14. Bf3
Nc6 15. Nxc8 Raxc8 16. Bd2 b6 17. Bc3 Rcd8 18. Rc1 Qe6 19. Qd2 d5 20. Bxf6 Qxf6
21. Rfd1 Ne7 22. Rc4 dxc4 0-1

[Event "XI Weekend D"]
[Site "Gorgonzola ITA"]
[Date "2006.11.19"]
[Round "5"]
[White "De Francisci, Alfredo"]
[Black "Berton, Venanzio"]
[Result "0-1"]
[WhiteElo "1434"]
[BlackElo "1365"]
[PlyCount "58"]
[EventDate "2006.11.11"]

1. e4 c6 2. d4 d5 3. Nc3 dxe4 4. Nxe4 Bf5 5. Bd3 Qxd4 6. Nc3 Bxd3 7. Qxd3 Qxd3
8. cxd3 e6 9. Nf3 Bb4 10. O-O Nf6 11. Be3 O-O 12. Rad1 Nbd7 13. h3 a6 14. Ng5
Be7 15. Nge4 Rfe8 16. a3 a5 17. Nb1 a4 18. Bf4 Ra5 19. Nd6 Bxd6 20. Bxd6 Rb5
21. Rd2 Rd5 22. Bf4 Nh5 23. Be3 f5 24. Nc3 Ra5 25. Rc2 f4 26. Bd2 e5 27. Ne4
Rd5 28. Rc3 Nhf6 29. f3 Rd8 0-1